[Event "Internationaal Jeugdtoernooi Limburg 1"]
[Site "Maastricht"]
[Date "1995.07.09"]
[Round "7"]
[White "De Heer, Machiel"]
[Black "Croonenborghs, Tom"]
[Result "1-0"]
[WhiteElo "2140"]
[BlackElo "2118"]
[PlyCount "79"]
[EventDate "1995.07.06"]
[EventType "swiss"]
[EventRounds "7"]
[EventCountry "NED"]
[Source "P.Boonen"]
[SourceDate "2009.01.01"]

1. e4 e6 2. d4 d5 3. Nc3 Nf6 4. e5 Nfd7 5. f4 c5 6. Nf3 Nc6 7. Be3 a6 8. Be2 b5
9. O-O b4 10. Na4 Be7 11. Nxc5 Nxc5 12. dxc5 Qa5 13. Kh1 Bxc5 14. Bxc5 Qxc5 15.
Bd3 h6 16. Qe2 Bb7 17. Rae1 Qb6 18. Nd2 g6 19. c4 Rc8 20. cxd5 Nd4 21. Qf2 Bxd5
22. Be4 Qc5 23. Bxd5 exd5 24. Qh4 Qe7 25. Qh3 Qe6 26. Qd3 Nf5 27. Nb3 O-O 28.
g4 Ng7 29. f5 Qd7 30. Nd4 Rce8 31. e6 fxe6 32. f6 e5 33. Qxg6 Qf7 34. Qxh6 exd4
35. Rxe8 Rxe8 36. g5 Re1 37. Rxe1 Nf5 38. Qh3 Qg6 39. Qf3 Ne3 40. h4 1-0

[Event "Internationaal Jeugdtoernooi Limburg 1"]
[Site "Maastricht"]
[Date "1995.07.09"]
[Round "7"]
[White "Halmans, Paul"]
[Black "Smeets, Christophe"]
[Result "0-1"]
[WhiteElo "1700"]
[BlackElo "1933"]
[PlyCount "122"]
[EventDate "1995.07.06"]
[EventType "swiss"]
[EventRounds "7"]
[EventCountry "NED"]
[Source "P.Boonen"]
[SourceDate "2009.01.01"]

1. e4 c5 2. Nf3 d6 3. d4 cxd4 4. Nxd4 Nf6 5. Nc3 g6 6. h4 Bg7 7. Be3 Nc6 8. Be2
h5 9. Qd2 Ne5 10. f3 Bd7 11. O-O-O b5 12. Ncxb5 Rb8 13. Qc3 Rc8 14. Qa3 a6 15.
Qxa6 O-O 16. Qa7 Nc4 17. Bxc4 Rxc4 18. Rd3 e5 19. Nxd6 Ra4 20. Nc6 Bxc6 21. Nb5
Rxa7 22. Rxd8 Rxa2 23. Rxf8+ Bxf8 24. Kb1 Ra8 25. Nc3 Rd8 26. Rd1 Rxd1+ 27.
Nxd1 Bb4 28. c3 Bd6 29. b3 Nxe4 30. fxe4 Bxe4+ 31. Kb2 Bxg2 32. b4 Be7 33. Bf2
f5 34. Ne3 Bc6 35. Kb3 f4 36. Nc2 Kf7 37. c4 Be4 38. b5 Bxc2+ 39. Kxc2 e4 40.
c5 e3 41. Bxe3 fxe3 42. c6 Bd8 43. Kd3 Bb6 44. c7 Bxc7 45. Kxe3 Kf6 46. Kf2 Kf5
47. Kf3 Bb6 48. Kg3 Ke4 49. Kg2 Kf4 50. Kh3 Kf3 51. Kh2 Kg4 52. Kg2 Kxh4 53.
Kh1 g5 54. Kg2 g4 55. Kh2 g3+ 56. Kh1 Kg4 57. Kg2 h4 58. Kh1 Bc7 59. Kg2 h3+
60. Kh1 Kf3 61. b6 g2+ 0-1

[Event "Internationaal Jeugdtoernooi Limburg 1"]
[Site "Maastricht"]
[Date "1995.07.09"]
[Round "7"]
[White "Hendriks, Mathijs"]
[Black "Schilperoort, Jeroen"]
[Result "0-1"]
[WhiteElo "1550"]
[BlackElo "1620"]
[PlyCount "32"]
[EventDate "1995.07.06"]
[EventType "swiss"]
[EventRounds "7"]
[EventCountry "NED"]
[Source "P.Boonen"]
[SourceDate "2009.01.01"]

1. e4 e5 2. Nf3 Nc6 3. Bc4 Nf6 4. Ng5 d5 5. exd5 Na5 6. d3 h6 7. Nf3 e4 8. Bb5+
c6 9. dxc6 bxc6 10. Bxc6+ Nxc6 11. Qe2 Bg4 12. dxe4 Nd4 13. Qd3 Nxf3+ 14. gxf3
Qxd3 15. cxd3 Bxf3 16. Rg1 Rd8 0-1

[Event "Internationaal Jeugdtoernooi Limburg 1"]
[Site "Maastricht"]
[Date "1995.07.09"]
[Round "7"]
[White "Hoogendoorn, Joost"]
[Black "Abeln, Michiel"]
[Result "1-0"]
[WhiteElo "2242"]
[BlackElo "2115"]
[PlyCount "52"]
[EventDate "1995.07.06"]
[EventType "swiss"]
[EventRounds "7"]
[EventCountry "NED"]
[Source "P.Boonen"]
[SourceDate "2009.01.01"]

1. e4 c5 2. Nf3 Nc6 3. c3 d5 4. exd5 Qxd5 5. Na3 Bg4 6. Be2 e5 7. d3 O-O-O 8.
Qa4 Bf5 9. O-O f6 10. Be3 Bd7 11. Qc2 g5 12. b4 cxb4 13. cxb4 Kb8 14. Nc4 Nxb4
15. Qb3 Bc6 16. a3 Na6 17. d4 e4 18. Nfd2 Be7 19. Nb1 Nc7 20. Nc3 Qf5 21. d5
Bxd5 22. Nxd5 Rxd5 23. Rfc1 Rb5 24. Qa4 a6 25. Nb6 Ra5 26. Nd7+ Qxd7 1-0

[Event "Internationaal Jeugdtoernooi Limburg 1"]
[Site "Maastricht"]
[Date "1995.07.09"]
[Round "7"]
[White "Kipper, Jens"]
[Black "Peek, Maurice"]
[Result "0-1"]
[WhiteElo "2088"]
[BlackElo "2115"]
[PlyCount "62"]
[EventDate "1995.07.06"]
[EventType "swiss"]
[EventRounds "7"]
[EventCountry "NED"]
[Source "P.Boonen"]
[SourceDate "2009.01.01"]

1. d4 Nf6 2. c4 e6 3. Nf3 Bb4+ 4. Bd2 Qe7 5. g3 Nc6 6. Bg2 Bxd2+ 7. Nbxd2 d6 8.
e4 a5 9. O-O e5 10. d5 Nb8 11. Ne1 h5 12. h4 Bg4 13. f3 Bd7 14. Nd3 Na6 15. b3
O-O 16. a3 b5 17. b4 axb4 18. axb4 Rfb8 19. Qc2 bxc4 20. Nxc4 c6 21. dxc6 Bxc6
22. Ncxe5 Bb5 23. Nc4 Rc8 24. Ndb2 Qc7 25. Bh3 Nxb4 26. Rxa8 Rxa8 27. Qb3 Qc5+
28. Rf2 Ra1+ 29. Kg2 d5 30. exd5 Nfxd5 31. Bf5 Bxc4 0-1

[Event "Internationaal Jeugdtoernooi Limburg 1"]
[Site "Maastricht"]
[Date "1995.07.09"]
[Round "7"]
[White "Kouwenhoven, Marisca"]
[Black "Renette, Hans"]
[Result "0-1"]
[WhiteElo "1958"]
[BlackElo "2071"]
[PlyCount "58"]
[EventDate "1995.07.06"]
[EventType "swiss"]
[EventRounds "7"]
[EventCountry "NED"]
[Source "P.Boonen"]
[SourceDate "2009.01.01"]

1. e4 d6 2. d4 Nf6 3. Nc3 c6 4. Be2 Nbd7 5. Be3 e5 6. dxe5 dxe5 7. Nf3 Qc7 8.
O-O Be7 9. Nd2 Bc5 10. Bg5 b5 11. Kh1 Bb7 12. f4 Be3 13. Bxf6 Nxf6 14. fxe5
Qxe5 15. Rf5 Qc7 16. Bd3 Bc8 17. e5 Bxf5 18. exf6 Bxd3 19. fxg7 Rg8 20. cxd3
O-O-O 21. Nde4 f5 22. Nf6 Rxg7 23. Qf3 f4 24. a4 b4 25. Nb5 Qb7 26. Ne8 cxb5
27. Nxg7 Qxf3 28. gxf3 bxa4 29. Rxa4 Rg8 0-1

[Event "Internationaal Jeugdtoernooi Limburg 1"]
[Site "Maastricht"]
[Date "1995.07.09"]
[Round "7"]
[White "Middelburg, Tom"]
[Black "Kerstens, Dennis"]
[Result "0-1"]
[WhiteElo "1953"]
[BlackElo "2087"]
[PlyCount "62"]
[EventDate "1995.07.06"]
[EventType "swiss"]
[EventRounds "7"]
[EventCountry "NED"]
[Source "P.Boonen"]
[SourceDate "2009.01.01"]

1. e4 e5 2. Nf3 Nc6 3. Nc3 Bc5 4. Nxe5 Nxe5 5. d4 Bd6 6. dxe5 Bxe5 7. f4 Bxc3+
8. bxc3 Nf6 9. e5 Ne4 10. Qf3 d5 11. Bd3 Qh4+ 12. g3 Qh3 13. Bf1 Qf5 14. h3 h5
15. c4 dxc4 16. Ba3 Ng5 17. Qe2 Ne6 18. Qxc4 Qg6 19. Rg1 Qh6 20. Qb4 c5 21.
Bb5+ Kf8 22. Qc4 h4 23. Bc1 hxg3 24. f5 Qh5 25. Qd3 Nd4 26. Be3 Bxf5 27. Qc4
Nxc2+ 28. Kd2 Rd8+ 29. Kc3 Nxa1 30. Qxc5+ Kg8 31. Rxa1 Rc8 0-1

[Event "Internationaal Jeugdtoernooi Limburg 1"]
[Site "Maastricht"]
[Date "1995.07.09"]
[Round "7"]
[White "Pater, Evelien"]
[Black "De Rijck, Johan"]
[Result "1-0"]
[WhiteElo "1874"]
[BlackElo "1699"]
[PlyCount "71"]
[EventDate "1995.07.06"]
[EventType "swiss"]
[EventRounds "7"]
[EventCountry "NED"]
[Source "P.Boonen"]
[SourceDate "2009.01.01"]

1. e4 g6 2. d4 Bg7 3. Nc3 d6 4. Nf3 Nc6 5. Be3 Nf6 6. h3 O-O 7. Qd2 e5 8. dxe5
Nxe5 9. Nxe5 dxe5 10. Bd3 Be6 11. Bg5 c6 12. f4 Qc7 13. f5 Bd7 14. g4 b5 15.
O-O-O Rad8 16. Bh6 b4 17. Nb1 c5 18. Bxg7 Kxg7 19. Qe2 h6 20. h4 Ne8 21. Nd2
Nd6 22. Nc4 Nxc4 23. Bxc4 Bc6 24. Rxd8 Rxd8 25. fxg6 fxg6 26. Rf1 Be8 27. Qf3
Qe7 28. Bd5 Rc8 29. b3 Rc7 30. Kb2 a5 31. g5 hxg5 32. hxg5 Bf7 33. Bxf7 Qxf7
34. Qh3 Qe8 35. Rh1 Qg8 36. Qh6+ 1-0

[Event "Internationaal Jeugdtoernooi Limburg 1"]
[Site "Maastricht"]
[Date "1995.07.09"]
[Round "7"]
[White "Roobol, Martin"]
[Black "Driessens, Patrick"]
[Result "1-0"]
[WhiteElo "2275"]
[BlackElo "2085"]
[PlyCount "101"]
[EventDate "1995.07.06"]
[EventType "swiss"]
[EventRounds "7"]
[EventCountry "NED"]
[Source "P.Boonen"]
[SourceDate "2009.01.01"]

1. d4 Nf6 2. c4 g6 3. Nc3 Bg7 4. e4 d6 5. f3 O-O 6. Bg5 Nc6 7. Nge2 e5 8. d5
Na5 9. Ng3 c5 10. Qd2 a6 11. Be2 Bd7 12. O-O Rb8 13. Nd1 b5 14. b3 bxc4 15.
bxc4 Qb6 16. Qc2 Qc7 17. Bd2 h5 18. Bd3 h4 19. Ne2 Nh5 20. Nf2 Nb7 21. Rab1 f6
22. Qb2 Bc8 23. Qb6 Qxb6 24. Rxb6 Ra8 25. Rfb1 Rf7 26. Bc2 Bf8 27. Ba4 Ra7 28.
Be8 Rg7 29. Ng4 Kh7 30. Bh6 Rg8 31. Bd2 Be7 32. Bc6 Nd8 33. Ba4 Nb7 34. Ne3 Bd8
35. R6b2 Bc7 36. Be1 h3 37. g4 Nf4 38. Nxf4 exf4 39. Nd1 f5 40. Nf2 Na5 41. Rc1
fxg4 42. fxg4 g5 43. Bd1 Rb7 44. Rxb7 Nxb7 45. Rc3 Ba5 46. Rxh3+ Kg7 47. Bxa5
Nxa5 48. Be2 Nb7 49. Rh5 Kf6 50. Kg2 Na5 51. Kf3 1-0

[Event "Internationaal Jeugdtoernooi Limburg 1"]
[Site "Maastricht"]
[Date "1995.07.09"]
[Round "7"]
[White "Segers, Stefan"]
[Black "Vrancken, Gilbert"]
[Result "1/2-1/2"]
[WhiteElo "1684"]
[BlackElo "1744"]
[PlyCount "48"]
[EventDate "1995.07.06"]
[EventType "swiss"]
[EventRounds "7"]
[EventCountry "NED"]
[Source "P.Boonen"]
[SourceDate "2009.01.01"]

1. d4 Nf6 2. Nf3 g6 3. g3 Bg7 4. Bg2 c6 5. O-O d5 6. c4 O-O 7. Nc3 Ne4 8. e3
Nxc3 9. bxc3 Nd7 10. cxd5 cxd5 11. Qb3 Nf6 12. Nd2 b6 13. a4 Be6 14. Ba3 Qd7
15. Qb4 Rfe8 16. Rfc1 Bh3 17. c4 Bxg2 18. Kxg2 Rac8 19. Rc2 dxc4 20. Rxc4 Rxc4
21. Nxc4 Rc8 22. Rc1 Ne4 23. Qb5 Qxb5 24. axb5 f5 1/2-1/2

[Event "Internationaal Jeugdtoernooi Limburg 1"]
[Site "Maastricht"]
[Date "1995.07.09"]
[Round "7"]
[White "Van Elmpt, Wouter"]
[Black "Muris, Vivianne"]
[Result "1-0"]
[WhiteElo "1550"]
[BlackElo "1524"]
[PlyCount "65"]
[EventDate "1995.07.06"]
[EventType "swiss"]
[EventRounds "7"]
[EventCountry "NED"]
[Source "P.Boonen"]
[SourceDate "2009.01.01"]

1. e4 e6 2. d4 d5 3. e5 c5 4. c3 Nc6 5. Nf3 Qb6 6. Bd3 Bd7 7. dxc5 Bxc5 8. O-O
a5 9. Qc2 h6 10. Nbd2 Nge7 11. Nb3 Nc8 12. Nxc5 Qxc5 13. Be3 Qe7 14. Qd2 Qd8
15. Rfe1 b6 16. a4 N8a7 17. Qe2 Rb8 18. b3 Qc7 19. Bd2 Bc8 20. Rac1 Qd8 21. Nd4
Nxd4 22. cxd4 Bd7 23. Ra1 Nc6 24. Bc3 Qe7 25. Qd2 O-O 26. Bc2 Nb4 27. Bb1 Rfc8
28. Re3 f5 29. exf6 Qxf6 30. Bxb4 axb4 31. Qxb4 Rc1+ 32. Re1 Qxd4 33. Bh7+ 1-0

[Event "Internationaal Jeugdtoernooi Limburg 1"]
[Site "Maastricht"]
[Date "1995.07.09"]
[Round "7"]
[White "Van Gils, Philip"]
[Black "Jurrissen, Remy"]
[Result "1-0"]
[WhiteElo "1619"]
[BlackElo "1750"]
[PlyCount "102"]
[EventDate "1995.07.06"]
[EventType "swiss"]
[EventRounds "7"]
[EventCountry "NED"]
[Source "P.Boonen"]
[SourceDate "2009.01.01"]

1. e4 c6 2. Nc3 d5 3. exd5 cxd5 4. d4 Nc6 5. Bf4 a6 6. Nge2 Bf5 7. Ng3 Bg6 8.
Bd3 e6 9. Nce2 Qb6 10. b3 Rc8 11. c3 Be7 12. O-O Nf6 13. Kh1 Bxd3 14. Qxd3 O-O
15. f3 Na7 16. Rfd1 Qb5 17. Rac1 Qa5 18. Rc2 b5 19. Bd2 Qb6 20. Nf1 Ne8 21. Ne3
Nd6 22. Be1 Rc7 23. Rdc1 Rfc8 24. Bg3 Nc6 25. Nf4 b4 26. Nfxd5 exd5 27. Nxd5
Qb8 28. Nxc7 Rxc7 29. c4 Rc8 30. c5 Qb5 31. Qxb5 Nxb5 32. d5 Ncd4 33. Rc4 Ne2
34. Re1 Nxg3+ 35. hxg3 Kf8 36. d6 Bxd6 37. cxd6 Nxd6 38. Rxc8+ Nxc8 39. Re4 Ne7
40. Rxb4 Nd5 41. Rd4 Nc3 42. Rd2 Ke7 43. Rc2 Nd5 44. Rc6 Nb4 45. Rb6 Nxa2 46.
Rxa6 Nb4 47. Ra7+ Ke6 48. Kg1 Nd3 49. Rb7 g6 50. b4 f5 51. b5 Nc5 1-0

[Event "Internationaal Jeugdtoernooi Limburg 1"]
[Site "Maastricht"]
[Date "1995.07.09"]
[Round "7"]
[White "Van Haastert, Edwin"]
[Black "Schreiber, Christophe"]
[Result "1-0"]
[WhiteElo "2242"]
[BlackElo "1950"]
[PlyCount "85"]
[EventDate "1995.07.06"]
[EventType "swiss"]
[EventRounds "7"]
[EventCountry "NED"]
[Source "P.Boonen"]
[SourceDate "2009.01.01"]

1. e4 d6 2. d4 Nf6 3. Nc3 g6 4. Bc4 Bg7 5. Qe2 c6 6. e5 dxe5 7. dxe5 Nd5 8. Bd2
O-O 9. O-O-O Be6 10. Nf3 Nd7 11. Ne4 b5 12. Bb3 c5 13. Qxb5 Rb8 14. Qa5 Qc8 15.
Nc3 N7b6 16. Nxd5 Bxd5 17. Bxd5 Nxd5 18. Rhe1 Qb7 19. Bc3 Qc6 20. Nd2 Rb5 21.
Qa3 Rfb8 22. Nc4 Nxc3 23. Qxc3 Qb7 24. g3 Qa6 25. a3 Qe6 26. f4 a5 27. Rd3 a4
28. Red1 f6 29. Rd8+ Rxd8 30. Rxd8+ Kf7 31. Qd3 Rb7 32. Qd5 Rc7 33. Qxe6+ Kxe6
34. exf6 Bxf6 35. g4 Bd4 36. Kd2 Rb7 37. c3 Bf6 38. Kd3 Rb3 39. Ra8 Rb7 40.
Ra6+ Kd7 41. Rxa4 Kc8 42. Ra8+ Kc7 43. g5 1-0

[Event "Internationaal Jeugdtoernooi Limburg 1"]
[Site "Maastricht"]
[Date "1995.07.09"]
[Round "7"]
[White "Van Nieuwenborg, Alwin"]
[Black "Huberty, Marc"]
[Result "1/2-1/2"]
[WhiteElo "1906"]
[BlackElo "2125"]
[PlyCount "56"]
[EventDate "1995.07.06"]
[EventType "swiss"]
[EventRounds "7"]
[EventCountry "NED"]
[Source "P.Boonen"]
[SourceDate "2009.01.01"]

1. e4 c5 2. Nc3 Nc6 3. g3 g6 4. Bg2 Bg7 5. d3 d6 6. Be3 e6 7. Qd2 Bd7 8. Nge2
Nd4 9. O-O Bc6 10. Nf4 Ne7 11. Nd1 e5 12. Nh3 O-O 13. c3 Ne6 14. Bh6 Bxh6 15.
Qxh6 f5 16. exf5 Nxf5 17. Qd2 Bxg2 18. Kxg2 Qd7 19. Ng5 Nxg5 20. Qxg5 Rf7 21.
Ne3 Raf8 22. Nxf5 Rxf5 23. Qe3 Rf3 24. Qxf3 Rxf3 25. Kxf3 Qc6+ 26. Ke3 Qb6 27.
Rab1 c4+ 28. d4 exd4+ 1/2-1/2

[Event "Internationaal Jeugdtoernooi Limburg 1"]
[Site "Maastricht"]
[Date "1995.07.09"]
[Round "7"]
[White "Van Prooijen, Jan Willem"]
[Black "Wuts, Frank"]
[Result "0-1"]
[WhiteElo "2110"]
[BlackElo "2262"]
[PlyCount "77"]
[EventDate "1995.07.06"]
[EventType "swiss"]
[EventRounds "7"]
[EventCountry "NED"]
[Source "P.Boonen"]
[SourceDate "2009.01.01"]

1. e4 d6 2. d4 Nf6 3. Nc3 c6 4. f4 Qa5 5. Bd3 e5 6. dxe5 dxe5 7. f5 Bc5 8. Qe2
Bd4 9. Bd2 Nbd7 10. Nf3 Bc5 11. Bc4 O-O 12. Ng5 Qc7 13. g4 b5 14. Bxf7+ Rxf7
15. Nxf7 Nb6 16. g5 Qxf7 17. gxf6 Qxf6 18. Qh5 Ba6 19. O-O-O Nc4 20. Bg5 Qf8
21. Rd7 Nb6 22. Rd3 Nc4 23. Rh3 h6 24. Bxh6 gxh6 25. Qg6+ Qg7 26. Qxc6 Kh7 27.
Rg3 Be3+ 28. Kb1 Bg5 29. Qxa8 b4 30. Nd5 Nd2+ 31. Ka1 Nxe4 32. f6 Qf7 33. Rd3
Nf2 34. Rhd1 Nxd3 35. Rxd3 Bxd3 36. cxd3 Bxf6 37. Nxf6+ Kg6 38. Qe4+ Kxf6 39.
Qf3+ 0-1